QUIZ SUR YOUSRA LPB - Statistiques

Statistiques générales
  • Ce quiz a été pris 8 fois
  • Le résultat moyen est 7 sur 15
Statistiques - réponses
Hint Réponse % Correct
le prenom de ma tante maria
67%
Mon plat prefere Sushis
67%
Mon dessin Anime prefere Winx
67%
l'heure a laquelle je suis née 8h45
50%
ma couleur preferee bleu
50%
mon jeu prefere dress to impress
50%
Mon Film Préféré Harry Potter et L'ordre du Phoenix
50%
ma serie preferée Les chroniques des Bridgerton
50%
ce que jaime le plus chez moi les yeux
50%
Ma matiere preferee Physique
50%
mon celebrity crush all time (avec qui jv me marier en etant realiste) Walker scobell
50%
Ma passion Les echecs
33%
ma phobie mascottes
17%
ma chanson préférée Footloose
0%
univers prefere Harry Potter
0%
Aucun quiz correspondant
Distribution des résultats
% des personnes avec chaque résultat
Percentile par nombre de réponses
Votre historique - résultats
Vous n’avez pas pris ce quiz